MARC

LEADER 00000nam0a2200000 4500
001 51436
005 20231031035646.0
010 |a 5060018296 
035 |a (RuTPU)RU\TPU\book\53858 
090 |a 51436 
100 |a 20030430d1991 k y0rusy50 ca 
101 1 |a rus  |c cze 
102 |a RU 
105 |a a z 001zy 
200 1 |a Оптимизация энергетических систем  |e пер. с чеш.  |f И. Клима 
210 |a Москва  |c Высшая школа  |d 1991 
215 |a 302 с.  |c ил. 
320 |a Библиогр.: с. 288-294 
320 |a Предм. указ.: с. 295-299 
610 1 |a энергетические системы 
610 1 |a оптимизация 
610 1 |a производственные системы 
610 1 |a экономическая эффективность 
610 1 |a международное энергетическое сотрудничество 
675 |a 621.311  |v 3 
700 1 |a Клима  |b И.  |g Иржи 
702 1 |a Окороков  |b В. Р.  |4 340 
801 1 |a RU  |b 63413507  |c 20030430  |g PSBO 
801 2 |a RU  |b 63413507  |c 20111110  |g PSBO 
900 |a Автоматизированные системы диспетчерского управления и оптимизация режимов энергосистем 
942 |c BK